Tough Boris / (Record no. 483)

MARC details
000 -LEADER
fixed length control field 00879cam a2200277 a 4500
005 - DATE AND TIME OF LATEST TRANSACTION
control field 20230428123354.0
020 ## - INTERNATIONAL STANDARD BOOK NUMBER
International Standard Book Number 0152896120 :
Terms of availability $13.95
040 ## - CATALOGING SOURCE
Original cataloging agency DLC
Transcribing agency DLC
Modifying agency DLC
050 00 - LIBRARY OF CONGRESS CALL NUMBER
Classification number PZ7.F8373
Item number To 1994
082 00 - DEWEY DECIMAL CLASSIFICATION NUMBER
Classification number 823
Edition number 20
100 1# - MAIN ENTRY--PERSONAL NAME
Personal name Fox, Mem,
Dates associated with a name 1946-
245 10 - TITLE STATEMENT
Title Tough Boris /
Statement of responsibility, etc. Mem Fox ; illustrated by Kathryn Brown.
250 ## - EDITION STATEMENT
Edition statement 1st ed.
260 ## - PUBLICATION, DISTRIBUTION, ETC.
Place of publication, distribution, etc. San Diego :
Name of publisher, distributor, etc. Harcourt Brace Jovanovich,
Date of publication, distribution, etc. 1994.
300 ## - PHYSICAL DESCRIPTION
Extent 16 leaves of plates :
Other physical details color illustrations:
Dimensions 26 cm.
505 ## - FORMATTED CONTENTS NOTE
Formatted contents note D
520 ## - SUMMARY, ETC.
Summary, etc. Although he is a very tough pirate, Boris von der Borch cries when his parrots dies.
521 ## - TARGET AUDIENCE NOTE
Target audience note 260 <br/>
Source Lexile
521 ## - TARGET AUDIENCE NOTE
Target audience note D <br/>
Source Raz-Plus
650 #1 - SUBJECT ADDED ENTRY--TOPICAL TERM
Topical term or geographic name entry element Pirates
General subdivision Fiction.
700 1# - ADDED ENTRY--PERSONAL NAME
Personal name Brown, Kathryn,
Dates associated with a name 1955-
Relator term ill.
906 ## - LOCAL DATA ELEMENT F, LDF (RLIN)
a 7
b cbc
c orignew
d 1
e ocip
f 19
g y-gencatlg
942 ## - ADDED ENTRY ELEMENTS (KOHA)
Source of classification or shelving scheme Dewey Decimal Classification
Koha item type Books
Suppress in OPAC No
999 ## -
-- 483
-- 483
Holdings
Withdrawn status Lost status Source of classification or shelving scheme Damaged status Not for loan Collection Home library Current library Shelving location Date acquired Total Checkouts Full call number Barcode Date due Date last seen Date last checked out Price effective from Koha item type
    Dewey Decimal Classification     Juvenile Fiction Footprints International School Library Network Toul Kork Campus Footprints International School Library Network Toul Kork Campus TK Primary Library Room(4th Floor), Bookcase 7, Shelves 57-60, Dark Green Books 04/28/2023 2 FOX 823 PZ7.F8373 FISTK01466 03/26/2026 03/12/2026 03/12/2026 04/28/2023 Books